[Event "EU-ch 18th"]
[Site "Minsk"]
[Date "2017.06.07"]
[Round "8"]
[White "Edouard, Romain"]
[Black "Iljiushenok, Ilia"]
[Result "1/2-1/2"]
[WhiteElo "2640"]
[BlackElo "2489"]
[Annotator "Edouard,R"]
[PlyCount "148"]
[EventDate "2017.05.30"]
[EventType "swiss"]
[EventRounds "11"]
[EventCountry "BLR"]
[SourceTitle "CBM 179"]
[Source "ChessBase"]
[SourceDate "2017.07.12"]
[SourceVersion "1"]
[SourceVersionDate "2017.07.12"]
[SourceQuality "1"]
[WhiteClock "0:03:25"]
[BlackClock "0:09:08"]

1. e4 c5 2. Nf3 e6 3. d4 cxd4 4. Nxd4 Nc6 5. Nc3 Qc7 6. Be3 a6 7. a3 $5 {
A much more venomous move than it appears to be.} b5 (7... Nf6 8. f4 Nxd4 9.
Bxd4 $1 Qxf4 $6 (9... d6 10. Qf3 Bd7 11. O-O-O Bc6 12. Bxf6 gxf6 13. f5 h5 14.
Bc4 $16 {1-0 (25) Anton Guijarro,D (2660)-Bosiocic,M (2603) Minsk 2017}) 10. g3
Qc7 11. e5 Ng8 (11... Nd5 12. Nxd5 exd5 13. Bg2 Bc5 14. Qd3 O-O 15. Bxc5 Qxc5
16. O-O-O d6 17. Qxd5 Qxd5 18. Rxd5 dxe5 19. Rxe5 $14) 12. Ne4 Nh6 13. Bg2 Nf5
14. O-O $44 {e.g.} Be7 $6 15. Rxf5 $1 exf5 16. Nd6+ $1 Bxd6 17. exd6 Qxd6 18.
Qe1+ Qe6 19. Bd5 $18) (7... Be7 $5 8. f4 b5 9. Nxc6 Qxc6 10. Bd3 $6 (10. Be2
$142 $1 Bb7 11. Bf3 {White will play Bd4 next and somehow Black fails to
organise himself in decent fashion.}) 10... Bb7 11. O-O Nf6 12. Kh1 d5 13. exd5
Nxd5 14. Be4 Qd7 (14... Qc4 $1 $13) 15. Bxd5 Bxd5 16. Nxd5 Qxd5 17. Qxd5 exd5
18. Bd4 $14 {1-0 (43) Carlsen,M (2851)-Harikrishna,P (2763) NOR 2016}) 8. Nxc6
$1 {Before Black goes ...Bb7.} dxc6 (8... Qxc6 {Not damaging the pawn
structure - on the other hand Black is a bit underveloped and White should try
to take advantage of it.} 9. Be2 Bb7 10. Qd4 $5 Rc8 11. Rd1 $1 Nf6 (11... Ne7
12. h4 h5 13. Rh3 Ng6 14. Kf1 $5 $146 f6 15. Rg3 Ne5 16. Kg1 $40) 12. e5 Nd5
13. Bf3 Nxe3 14. Qxe3 Qc7 15. Bxb7 Qxb7 16. O-O Rc4 (16... b4 17. axb4 Bxb4 18.
Ne4 Rxc2 19. Rd6 $1 $40) 17. Rd3 (17. Rfe1 $5 $146 Bc5 18. Qg3 O-O 19. b3 Rd4
20. Rxd4 Bxd4 21. Ne4 Qc7 22. Nf6+ Kh8 23. Qh4 Qxc2 24. Qxd4 gxf6 25. exf6 Qxb3
$13) 17... Bc5 18. Qg3 O-O 19. Rfd1 b4 20. Rxd7 Qc8 21. axb4 Bxb4 22. Qd3 Bxc3
$1 $146 (22... h6 $2 23. Rd4 $2 (23. Na2 $1 $16) 23... Rxd4 24. Qxd4 a5 $2 (
24... Bxc3 $1 25. bxc3 a5 $44) 25. Rd3 $14 {1/2-1/2 (60) Papp,G (2570)
-Ivanisevic,I (2655) Legnica POL 2013}) 23. Rd8 Qc7 $1 24. Rxf8+ Kxf8 25. bxc3
g6 $11 {After finding all these only moves, it seems Black gets a draw!}) 9.
Qg4 Nf6 10. Qg3 {Trying to get into an endgame similar to the ones we get in
the 7.Qf3 lines.} e5 $5 (10... Qxg3 11. hxg3 {These endgames are always a bit
better for White, as he is the only one to have a flexible pawn structure.
White will play f3-g4 and put pressure on Black, while Black can't do much: if
he tries to go ...a5 or ...c5 White will push a4 and win some important
squares. Motylev beat Safarli in a remarkable game:} Ng4 12. Bd2 e5 13. a4 Bb7
14. Bd3 Nf6 15. Ke2 Bd6 16. Nd1 Nd7 17. Ne3 g6 18. b4 $14 {1-0 (73) Motylev,A 
(2685)-Safarli,E (2656) Shamkir 2014}) 11. Be2 h5 12. f4 Be7 (12... h4 13. Qg5
$1 Be7 14. Qxg7 Rg8 15. Qh6 $16) 13. f5 $6 (13. O-O $5 h4 14. Qxg7 Rg8 15. Qh6
Bh3 16. Bf3 O-O-O {gives Black some compensation, although not enough.}) (13.
fxe5 $5 Ng4 14. Bxg4 Bxg4 15. O-O $14) (13. O-O-O O-O $5 14. f5 a5 $132) 13...
Bb7 $6 (13... h4 $1 14. Qxg7 (14. Qf2 c5 $13) 14... Rh7 15. Qg5 Kf8 $44) 14.
Rd1 Kf8 15. O-O Re8 16. Qf2 c5 17. a4 $5 (17. Bf3 b4 18. Nd5 Bxd5 19. exd5 Bd6
$132) 17... b4 $6 (17... bxa4 $1 18. Ra1 $5 (18. Bc4 $6 Nxe4 19. Nxe4 Bxe4 20.
Bd5 Bxd5 21. Rxd5 Rd8 $132) (18. Bf3 Kg8 $132) 18... Bc6 (18... Nxe4 19. Nxe4
Bxe4 20. Rxa4 Bxc2 21. Rxa6 $40) 19. Bxc5 Kg8 20. Rfe1 $36) 18. Nd5 Bxd5 19.
exd5 Bd6 20. Bxa6 Ng4 21. Qe2 (21. Qg3 $5 c4 22. Kh1 {was also strong.}) 21...
e4 22. h3 c4 23. Kh1 Nxe3 24. Qxe3 Bc5 $6 (24... Qe7 25. Bb5 Qe5 26. g3 Re7 27.
h4 $16) 25. d6 $1 Qb6 (25... Qxd6 26. Rxd6 Bxe3 27. Rd7 $18) 26. Qf4 Qxa6 27.
f6 Rg8 (27... g6 28. d7 Rd8 29. Qe5 Qc6 30. Rd5 Bb6 31. Qe7+ Kg8 32. Rfd1 $18)
28. d7 Rd8 29. Qe5 (29. Rd5 $5) 29... Qa7 (29... Qc6 30. fxg7+ Rxg7 31. Rf6 $18
) 30. Rf5 $6 (30. Rd6 $1 {was winning on the spot:} gxf6 31. Rfxf6 Bxd6 (31...
Rg7 32. Rh6 $18) 32. Qxd6+ Kg7 33. Qf4 $1 $18 (33. Rf5 $1 $18)) 30... gxf6 31.
Qxc5+ (31. Qxf6 Rxd7 32. Rxd7 Qxd7 33. Rxc5 Rg6 34. Qh8+ Ke7 35. Qxh5 $18 {
was probably stronger.}) 31... Qxc5 32. Rxc5 c3 33. bxc3 bxc3 34. Rd4 Rg3 (
34... e3 35. Rxc3 (35. Rc8 $5 Ke7 36. Rxc3 Rxd7 37. Rxe3+ Kd8 38. Rxd7+ Kxd7
39. a5 {should also be winning.}) 35... Rg3 36. Rc7 f5 37. Kg1 Ke7 38. a5 Rg6
39. Kf1 Ra6 40. Ke2 $18) 35. a5 $6 (35. Kh2 h4 (35... Re3 36. a5 Re1 37. Rxh5
$18) 36. a5 e3 37. Rc8 Ke7 38. Rxd8 Kxd8 39. a6 $18) (35. Rxh5 $18) 35... e3
36. Rc8 $2 (36. Kg1 $1 e2 37. Kf2 Rxg2+ 38. Ke1 $18) 36... Ke7 37. Re4+ $6 {
Just giving away an immediate draw.} ({When playing 35.a5 I had planned to go} 
37. a6 {but suddenly realised that after} Rxd7 38. Rxd7+ Kxd7 39. a7 e2 40. Re8
{Black had} Rg8 $1 {saving the game!}) 37... Kxd7 38. Rxc3 Rdg8 39. Rd3+ Kc6
40. Rdxe3 Rxg2 41. Re2 Rxe2 42. Rxe2 Ra8 43. Rf2 Rxa5 44. Rxf6+ Kd7 45. Rxf7+
Kd6 46. Rf3 Ke5 47. Kg2 h4 48. Re3+ Kf4 49. Rc3 Ra4 50. Kf2 Rd4 51. Ke2 Rd8 52.
Rf3+ Ke4 53. Rf7 Rg8 $6 {A very weird decision!} (53... Rc8 54. Kd2 Rd8+ 55.
Kc1 Ke3 $2) 54. Rh7 Rg2+ 55. Kd1 Kd4 56. Rxh4+ Kc3 57. Rh8 Rd2+ $1 (57... Rg1+
58. Ke2 Kxc2 59. h4 $18) 58. Ke1 Rh2 $1 {Miraculously saving the game.} 59. Kf1
(59. h4 Kxc2 $1 (59... Kd4 $2 60. Kd1 Rh1+ 61. Kd2 Rh2+ 62. Kc1 Kc3 63. Kd1 $18
) 60. h5 (60. Kf1 Kd3 61. Kg1 Ra2 62. h5 Ke4 63. h6 Kf5 64. h7 Kg6 $11) 60...
Kd3 61. h6 Ke3 62. Kf1 Rf2+ $1 63. Kg1 Rf7 $1 64. h7 Kf4 $11) 59... Kd4 $1 {
Oops. Now this is a hopeless draw.} (59... Kxc2 $2 60. Kg1 Re2 61. h4 Kd3 62.
h5 {wins as Black cannot go ...Ke4.}) 60. Rh4+ Kc3 61. Rh8 Kd4 62. Rh4+ Kc3 63.
Ra4 Rxc2 64. h4 Kd3 65. h5 Ke3 66. Kg1 Kf3 67. h6 Kg3 68. Ra3+ Kg4 69. h7 Rc8
70. Ra7 Rh8 71. Kg2 Kg5 72. Kg3 Kg6 73. Kg4 Rxh7 74. Rxh7 Kxh7 1/2-1/2

[Event "FRA-ch 89th"]
[Site "Nimes"]
[Date "2014.08.27"]
[Round "10"]
[White "Edouard, Romain"]
[Black "Sokolov, Andrei"]
[Result "1-0"]
[WhiteElo "2680"]
[BlackElo "2556"]
[Annotator "Edouard,R"]
[PlyCount "79"]
[EventDate "2014.08.17"]
[EventType "tourn"]
[EventRounds "11"]
[EventCountry "FRA"]
[EventCategory "14"]
[SourceTitle "CBM 162"]
[Source "ChessBase"]
[SourceDate "2014.09.17"]
[SourceVersion "1"]
[SourceVersionDate "2014.09.17"]
[SourceQuality "1"]

1. e4 c5 2. Nf3 e6 3. d4 cxd4 4. Nxd4 Nc6 5. Nc3 Qc7 6. Be3 a6 7. Qf3 $5 {
A very recent idea. Though this move for sure has bad sides, the main idea for
White is to castle long, not only winning a tempo (Qf3 instead of Qd2+f3) but
also often transferring the queen to g3.} Bb4 $6 ({Of course Black can go} 7...
Nf6 {and after} 8. O-O-O {again there are many possible moves.}) ({For example
after} 7... b5 {White goes} 8. Qg3 {and the ending is pretty unpleasant for
Black, e.g.} Qxg3 9. hxg3 Nxd4 10. Bxd4 Bb7 11. f3 Ne7 12. O-O-O Nc6 13. Be3
$36) 8. Nxc6 bxc6 (8... Qxc6 9. Bd4 $16) 9. Bd4 (9. Bf4 $5 {also worked, and
was maybe even stronger, but I didn't even think of it:} Bd6 (9... e5 $2 10.
Qg3 $18) 10. Bxd6 Qxd6 11. Qe3 $14) 9... Nf6 (9... e5 $6 10. Qg3 $16) 10. O-O-O
(10. Bxf6 gxf6 11. Qxf6 Rg8 12. O-O-O d5 {is typical compensation for Black.
This position can go wrong for both sides.}) 10... Bd6 (10... Be7 11. e5 Nd5
12. Ne4 c5 13. Nd6+ Bxd6 14. exd6 Qxd6 15. Bxg7 Rg8 16. Bf6 Bb7 17. Bh4 Qf4+
18. Qxf4 Nxf4 19. f3 $14) (10... d5 11. Bd3 $14) 11. Na4 $1 Rb8 $6 (11... O-O
12. Bxf6 (12. Nb6 $6 Rb8 13. Nc4 Bf4+ 14. Kb1 d5 $13) 12... gxf6 13. Qxf6 Be5
14. Qe7 $14 {Now that Black castled short and White could get a decent setup,
Black shouldn't have enough compensation.}) 12. Bb6 Bf4+ $6 (12... Rxb6 13.
Nxb6 O-O {was the best way to stay in the game, though Black doesn't have full
compensation here either.}) 13. Kb1 Qe5 $6 (13... Rxb6 14. Nxb6 Bb7 15. g3 Bh6
16. Na4 $16) 14. Bd3 $6 {The black queen is being totally dominated and my
idea is simple: g3, Qe2, f4.} ({White could win at once with} 14. g3 Bh6 15.
Qa3 $1 Nxe4 (15... Qxe4 16. Qd6 $18) 16. f4 $18) 14... O-O $6 (14... c5 15.
Bxc5 Bb7 16. Ba7 Ra8 17. Be3 Bxe3 18. Qxe3 $16) 15. g3 Bh6 16. Qe2 (16. Qg2 $5
{followed by f4 would be very strong as well and would more or less force
Black to sac on b6, with almost no compensation.}) 16... d5 17. f4 Qh5 18. Qxh5
Nxh5 19. Bc7 (19. Ba7 $1 Ra8 (19... Rb4 20. Nc5 $18) (19... Rb7 20. Bc5 $18)
20. Bc5 Re8 21. Nb6 $18) 19... Rb7 20. Bd6 Rd8 21. e5 g5 (21... a5 22. Be2 (22.
Ba6 Ra7 23. Bxc8 Rxc8 24. Rd3 $16) 22... g6 23. Nc5 Ra7 24. Bxh5 gxh5 25. Rd3
$16) 22. fxg5 Bxg5 23. Bxa6 Ra7 24. Bxc8 Rxc8 (24... Rxa4 $6 25. Bb7 $18) 25.
Nb6 $1 (25. Nc5 Ng7) 25... Re8 (25... Rd8 26. Rd3 $18) 26. c4 (26. Rd3 $5)
26... Ng7 27. g4 f6 (27... Bd8 28. c5 Ra6 $6 29. Nd7 $18) 28. c5 (28. Bc5 $1
Rf7 (28... fxe5 29. Nxd5 Ra5 30. Bb4 $18) 29. h4 Bf4 30. exf6 Rxf6 31. a4 $18)
(28. h4 $6 {would allow} Bf4 {or 28...Be3.}) 28... fxe5 (28... f5 29. gxf5 Nxf5
30. Rdg1 Rg7 31. a4 $18) 29. Bxe5 Rf8 30. Rhf1 Rxf1 (30... Raf7 31. Rxf7 Rxf7
32. a4 $18) 31. Rxf1 Ne8 32. Rf3 Bd8 33. a4 Ra6 34. Bd4 Nc7 (34... e5 35. Bxe5
Bxb6 36. cxb6 Rxb6 37. a5 Ra6 38. b4 c5 39. bxc5 Rxa5 40. Rc3 $18) 35. b3 $5 e5
36. Bxe5 Ne6 37. Nd7 Be7 38. Bd6 Bxd6 39. cxd6 Ra8 40. Rf6 1-0

[Event "FRA-chT Top 12"]
[Site "Drancy"]
[Date "2016.05.30"]
[Round "3.1"]
[White "Edouard, Romain"]
[Black "Neiksans, Arturs"]
[Result "1/2-1/2"]
[WhiteElo "2641"]
[BlackElo "2627"]
[Annotator "Edouard,R"]
[PlyCount "118"]
[EventDate "2016.05.28"]
[EventType "team-tourn"]
[EventRounds "11"]
[EventCountry "FRA"]
[SourceTitle "CBM 172 Extra"]
[Source "ChessBase"]
[SourceDate "2016.06.21"]
[SourceVersion "1"]
[SourceVersionDate "2016.06.21"]
[SourceQuality "1"]
[WhiteTeam "Bischwiller"]
[BlackTeam "Saint Quentin"]
[WhiteTeamCountry "FRA"]
[BlackTeamCountry "FRA"]

1. e4 c5 2. Nf3 Nc6 3. d4 cxd4 4. Nxd4 e6 5. Nc3 Qc7 6. Be3 a6 7. Qf3 Nf6 8.
O-O-O Ne5 9. Qg3 b5 10. f4 Neg4 11. Bd2 $5 $146 (11. Bg1 {is known to be the
critical line. However the Taimanov came as a surprise in this game and I
could not remember my files at all. Although knowing this was not the standard
move, I decided to go for totally a new idea that turns out to be quite
interesting!}) 11... b4 12. Na4 Qa7 (12... h5 {seemed critical, but Black's
position just doesn't seem fun to play:} 13. Bd3 Qa7 (13... e5 14. fxe5 Nxe5
15. Bg5 $40) 14. c3 d5 (14... Bb7 15. Qe1 $40) 15. exd5 Nxd5 (15... bxc3 16.
Bxc3 Nxd5 17. Be4 $40) 16. f5 $40) 13. e5 $1 Qxd4 ({I was more worried about} 
13... Nd5 {after which I should go} 14. Bxb4 Nxb4 15. Qxg4 {and although I was
not that happy over the board, after} Nxa2+ 16. Kb1 Nb4 17. Bc4 {the engine
likes White's position a lot.}) 14. exf6 Nf2 $8 (14... Nxf6 15. Be3 Qe4 16. Nb6
Rb8 17. f5 d6 18. Bd3 {looks terrible for Black.}) 15. Qf3 Rb8 (15... d5 16.
Bc3 {is worse than the game for Black.}) 16. Bc3 Qxd1+ 17. Qxd1 Nxd1 18. fxg7
Bxg7 19. Bxg7 Nf2 $8 (19... Rg8 20. Bd4 $18) 20. Bxh8 Nxh1 21. Be5 Rb5 ({
I was rather expecting} 21... Rb7 {and after} 22. b3 {White should be better.}
(22. Bxa6 $2 Ra7 $17)) 22. Bxb5 axb5 23. Nc5 Nf2 24. Bd4 $6 {A tempting move,
but that is apparently a draw!} (24. Bd6 Ng4 25. h3 Ne3 26. g4 Nc4 {is not too
clear neither.}) ({Perhaps} 24. Kd2 {was the right choice, with the idea} Ke7
25. Bd4 {and now in the event of} d6 26. Bxf2 dxc5 27. Bxc5+ {Black is not in
time to push ...b3 like in the game, so the ending should be completely
winning.}) 24... d6 25. Bxf2 (25. Nxe6 {was also tempting but after} Nd3+ $1
26. Kd2 {(White should keep a, b and c pawns in order to have a chance to
create 2 passed pawns)} Bxe6 27. Kxd3 Bf5+ 28. Kd2 Kd7 $1 29. Bb6 Kc6 30. Ba5
Kc5 {the endgame is a draw.}) 25... dxc5 26. Bxc5 b3 27. axb3 Kd7 (27... f5 {
was wiser to avoid g4 once and for all, but in the game I am not on time for
it anyway.}) 28. Kd2 (28. g4 Kc6 29. Be3 Kd5 30. g5 Ke4 31. Kd2 Bb7 32. c4 Ba6
{is a draw.}) 28... Kc6 29. Bf8 Kd5 30. Kc3 (30. g4 e5 31. f5 Ke4 $132) 30...
f5 $1 (30... h5 {first was more precise.}) 31. Kb4 Kc6 32. c4 (32. Bh6 $1 {
had to be tried but as long as Black can prevent Ke5 White cannot win:} Kb6 33.
c4 Bb7 34. g3 Be4 35. Kc3 Kc5 36. b4+ Kc6 37. b3 Kd6 ({And not} 37... Kb7 38.
Kd4 Kc6 39. Ke5 Bc2 40. Kf6 Bxb3 41. c5 $18) 38. Kd4 Bc2 39. Bf8+ Kc6 40. Ke5
Bxb3 41. c5 h5 $11) 32... Bb7 (32... h5 {was more precise, again.}) 33. g3 (33.
cxb5+ Kd7 {is just a draw.}) 33... h5 34. Kc3 Bc8 35. Kd4 Ba6 36. Bb4 Bb7 37.
Ke5 Kd7 38. Kf6 Bf3 39. cxb5 {Not necessary, but White would have to play it
sooner or later.} (39. Kg6 Bd1 {does not help.}) 39... Bd5 40. Kg6 Bf3 41. Bc3
Kc8 42. Bd4 Kb7 43. h3 ({From the beginning I had considered this endgame to
be totally winning, but suddenly I realised that in the event of} 43. Kf6 Bd5
44. h4 {(with the idea to break with g4) Black is no time for} Bf3 45. Kxe6 Bg4
{and the position is a dead draw in spite of a four pawns difference. Nothing
can be done.}) 43... Kc8 44. b4 Kb7 45. Bg1 Kc8 46. b6 Kb7 47. Kf6 Bd5 48. Ke5
(48. Bf2 Bc4 49. g4 {was another idea that fails:} fxg4 50. h4 g3 $1 {and
Black will just play ...Bf3 any time the h5-pawn is attacked.}) 48... Bc4 49.
Kd6 Bb3 50. Kc5 Ba2 51. Be3 Bb3 52. Bf2 Ba4 53. Kd4 Bb3 54. Be3 Ba4 55. Ke5 Bb3
56. Kd6 Bc4 57. Bf2 Bb3 58. h4 Bd1 59. Kxe6 Bg4 1/2-1/2

[Event "Ptuj zt"]
[Site "Ptuj"]
[Date "1995.??.??"]
[Round "9"]
[White "Landenbergue, Claude"]
[Black "Gostisa, Leon F"]
[Result "1/2-1/2"]
[WhiteElo "2430"]
[BlackElo "2420"]
[Annotator "Endgame-CD"]
[PlyCount "135"]
[EventDate "1995.04.??"]
[EventType "tourn"]
[EventRounds "15"]
[EventCountry "SLO"]
[EventCategory "10"]
[SourceTitle "CBM 047"]
[Source "ChessBase"]
[SourceDate "1995.08.01"]
[SourceVersion "1"]
[SourceVersionDate "1995.08.01"]
[SourceQuality "1"]

1. e4 c5 2. Nf3 e6 3. d4 cxd4 4. Nxd4 Nc6 5. Nc3 Qc7 6. Be3 a6 7. Bd3 Nf6 8.
O-O Ne5 9. h3 b5 10. f4 Nc4 11. Bxc4 Qxc4 12. Qd3 Bb7 13. a4 Qxd3 14. cxd3 b4
15. Nce2 Bc5 16. Rfc1 d6 17. Kf2 Ke7 18. Nb3 Bxe3+ 19. Kxe3 Rac8 20. Na5 Ba8
21. Nd4 Nd7 22. Ndc6+ Kf6 23. d4 g5 24. fxg5+ Kxg5 25. Nxb4 Rb8 26. Nd3 Nf6 27.
Rc7 Bxe4 28. Rxf7 Bxd3 29. Kxd3 Rxb2 30. Re1 Nd5 31. h4+ Kg6 32. Rf3 Re8 33.
Nc4 Rb3+ 34. Ke2 Rxf3 35. Kxf3 Nc7 36. Rb1 Rf8+ 37. Kg3 Nd5 38. Nxd6 Rf4 39.
Re1 Kf6 40. Re4 Rf1 41. Re5 Nc3 42. Ne8+ Kf7 43. Nc7 Nxa4 44. Nxe6 Nc3 45. Ng5+
Kg6 46. Nf3 Rd1 47. Re3 Nb5 48. Re6+ Kf5 49. Re5+ Kf6 50. Rd5 Nc3 51. Rd6+ Kf5
52. Rd8 a5 53. Rf8+ Ke4 54. Rc8 Rc1 55. Ra8 a4 56. Ng5+ Kxd4 57. Nxh7 Ra1 58.
Ng5 a3 59. h5 a2 60. h6 Rh1 61. h7 Ne4+ 62. Nxe4 Kxe4 63. Rxa2 Rxh7 $10 64. Ra5
(64. Ra4+ Ke5 65. Rf4 Rh8 66. Kf3 Rg8 67. g4 Rg7 68. Rf5+ Ke6 69. Kf4 Ra7 (
69... Rg8 $4 70. g5 $18 Rd8 71. Rf6+ Ke7 72. Kf5 Rd5+ 73. Kg6 Rd1 74. Kg7 Rg1
75. g6 Rg2 76. Rf7+ Ke8 77. Rf4 Rg1 78. Re4+ Kd7 79. Kh6 Rh1+ 80. Kg5 Rg1+ 81.
Rg4 $18) 70. Kg5 Rg7+ $8 71. Kh5 Rg8 $1 $10 (71... Rh7+ $4 72. Kg6 Rh8 73. Kg7
Rh1 74. Rf6+ Ke7 75. g5 $18)) 64... Rg7+ $1 $8 (64... Rh8 $4 65. Rg5 $1 Rh7 66.
Kg4 $1 Rh8 67. g3 Rh7 68. Rg8 Ke5 69. Kg5 Ke6 70. Kg6 Rh1 71. g4 Ke7 72. g5 Rg1
73. Kh7 Rh1+ 74. Kg7 Rg1 75. g6 Ke6 76. Rf8 Rg2 77. Rf7 Rg1 78. Kh7 Rg2 79. Ra7
Kf6 80. g7 Rh2+ 81. Kg8 Ke6 82. Rf7 Ra2 83. Rf1 Ke7 84. Rh1 $18) 65. Kh3 Kf4 $1
$8 (65... Rh7+ $4 66. Kg4 $18) 66. g4 Rh7+ $8 67. Rh5 Rxh5+ 68. gxh5 1/2-1/2

[Event "Olympiad-39"]
[Site "Khanty-Mansiysk"]
[Date "2010.09.27"]
[Round "6.3"]
[White "Agopov, Mikael"]
[Black "Fier, Alexandr"]
[Result "0-1"]
[WhiteElo "2419"]
[BlackElo "2588"]
[Annotator "Fier,A"]
[PlyCount "72"]
[EventDate "2010.09.21"]
[EventType "team-swiss"]
[EventRounds "11"]
[EventCountry "RUS"]
[SourceTitle "CBM 139"]
[Source "ChessBase"]
[SourceDate "2010.11.18"]
[SourceVersion "1"]
[SourceVersionDate "2010.11.18"]
[SourceQuality "1"]
[WhiteTeam "Finland"]
[BlackTeam "Brazil"]
[WhiteTeamCountry "FIN"]
[BlackTeamCountry "BRA"]

1. e4 c5 2. Nf3 e6 3. d4 cxd4 4. Nxd4 Nc6 5. Nc3 Qc7 6. Be3 a6 7. Qd2 Nf6 8.
O-O-O Be7 9. f3 O-O 10. g4 b5 11. g5 Nh5 {This move has been played by several
Brazilian players since the end of 2009... Actually in my database, Brazilians
played 9 of the 15 games in this position in the last two years! Maybe can we
call it the Brazilian Taimanov?!} 12. Nce2 ({The main move; alternatives are:} 
12. Kb1 Ne5 13. Be2 $6 Bb7 $15 {Zambrana - Fier, Rio 2009}) (12. Nf5 $6 {
is a thematic move in the line with 11...Ne8, but here I'm not sure if it's so
good.} exf5 13. Nd5 Qb7 14. exf5 d6 $15 {Petrosian - Mekhitarian, Yerevan 2010}
) 12... Rd8 13. f4 (13. Ng3 {is the main line} Nxd4 14. Qxd4 (14. Bxd4 Nf4 15.
Be3 (15. h4 Bb7 16. Bb6 $6 Qxb6 17. Qxf4 d5 {0.5 - 0.5 / Flores Rios - Leitao,
Sao Paulo 2009}) 15... Bxg5 16. Rg1 f6 {0.5 - 0.5 / Mekhitarian - Leitao,
Bra-ch 2008}) 14... Nf4 15. Kb1 {is critical} (15. h4 Bb7 16. Qb6 Qb8 (16...
Qe5 $5 17. Qxb7 Bc5 $11 {Kuipers - Hager, Ger-ch u20 2009}) 17. Kb1 d5 $1 18.
Bxf4 Qxf4 19. Qxb7 Bc5 20. Bd3 Qxg3 21. exd5 Rdb8 22. Qc6 Rc8 $11 {Oliveira -
Leitao, Americana 2009}) 15... Bb7 16. Bxf4 Qxf4 17. Nh5 e5 18. Qf2 $5 (18.
Nxf4 exd4 19. h4 f5 20. gxf6 Bxf6 21. Bh3 Bc6 {0.5 - 0.5 / Gharamian - Fier,
Cannes 2010}) 18... Bc5 $8 19. Qxc5 Qxf3 20. Nf6+ gxf6 21. Bd3 Rac8 {Quesada
Perez - Fier, Sabadell 2010. With a dangerous position, but very playable.})
13... g6 $5 $146 {A new try! Last year I played 13...Bb7 sucessfully. This
time I tried to play g6 one move earlier to be more active.} (13... Bb7 14. Bg2
g6 15. Nb3 Rac8 16. Kb1 d5 17. e5 d4 18. Nexd4 Nxd4 19. Nxd4 Bc5 20. Bxb7 Qxb7
$44 {Solodovnichenko - Fier, Sabadell 2009}) 14. Bg2 e5 15. fxe5 $6 {Now White
has some problems with the c4-square... The e4-pawn is much weaker than the
d7-pawn and Bb7, d5 is always an interesting plan. I think after this move
Black is already more comfortable.} (15. Nf3 {was better and after} exf4 16.
Nxf4 (16. Bxf4 d6 17. Nc3 Be6 18. Nd5 Bxd5 19. exd5 Ne5 20. Nd4 Nc4 $11) 16...
Nxf4 17. Bxf4 d6 18. h4 Bg4 {Black will play with Ne5 and Bf8-g7 keeping the
balance.}) 15... Nxe5 16. Rhf1 (16. Kb1 {to give the c1-square to the queen is
an interesting plan:} Bb7 (16... Nc4 17. Qc1 Bb7 18. Bf3 Ng7 19. Bf4 Qc5 20. h4
{is about equal.}) 17. b3 Rac8 $15) 16... Nc4 17. Qd3 Bb7 (17... Qxh2 $6 {
is a risky option. Later the h-file can be very useful for White.} 18. Bf3 $44)
18. h4 {Black has a lot of different plans here. To play with 18...Rac8 or 18..
.Qe5 are both possible. I tried to transfer the black-squared bishop to a
better diagonal and start to put pressure on the e-pawn.} Bf8 19. Bg1 Re8 20.
Kb1 Qe5 {Here White was already in time trouble. Probably from a computer
point of view the position is still equal, but in practice White has some
problems to deal with.} 21. Nc3 Qg3 22. Qxg3 {Overlooking my 24th move.} Nxg3
23. Rfe1 Bb4 $1 {Now the position begins to fall apart.} 24. Nb3 (24. Rd3 {
was better, but White is still losing the e-pawn:} Bxc3 25. Rxc3 Bxe4 $5 26.
Rxg3 Bxg2 $17) 24... Bxc3 25. bxc3 Bxe4 {Now it's just a question of time.} 26.
Bh3 Bf5 27. Bg2 Rad8 {The main idea is to exchange the bishops to avoid an
endgame with bishops of opposite colours.} 28. Nd4 Bg4 29. Rc1 Ne2 30. Nxe2
Bxe2 31. Bb7 (31. Bd5 {is the only chance to keep the bishop, but on a bad
square after} Nd2+ 32. Kb2 Bf3 33. Bb3 $17) 31... d5 32. a4 (32. Bxa6 Nd2+ 33.
Kb2 Nf3 $17 {wins the exchange.}) 32... bxa4 33. Bc6 Re4 34. Bd4 Nd2+ 35. Kb2 {
Losing one more pawn and the game.} (35. Ka2 h5 $1 36. gxh6 Nf3 37. Rh1 (37.
Bf6 $2 Rd6 {that is the point of 35...h5!}) 37... Nxd4 38. cxd4 Rxd4 $19) 35...
Nf3 36. Rh1 Nxd4 0-1